| 000 | 10918nam a22008057a 4500 | ||
|---|---|---|---|
| 005 | 20100518104511.0 | ||
| 008 | 100518t xxu||||| |||| 00| 0 hin d | ||
| 010 | _aHIN-89327 | ||
| 020 | _c200.00 | ||
| 035 | _aHN-61673 | ||
| 035 | _aB-416484-526 | ||
| 037 | _bDBAD / VEN | ||
| 037 | _bपेन्सी बुक्स/VEN | ||
| 040 |
_aDPL _bHN |
||
| 082 | _a000 | ||
| 245 |
_aबैंक पी.ओ.परीक्षाः _bप्रैक्टिस वर्क बुक |
||
| 246 |
_aBank P.O. Pariksha: _bPraiktis vark book |
||
| 260 |
_aनोएडा _bक्रॉनिकल बुक्स _c2010 |
||
| 270 |
_aए-26, सेक्टर-2, _bनोएडा _e201301 |
||
| 300 |
_a336पृ _c24सेमी (अजिल्द) |
||
| 500 | _a15 सेट्स | ||
| 650 |
_aसामान्य ज्ञान _919018 |
||
| 650 |
_aGeneral knowlege _919019 |
||
| 942 |
_2ddc _cHN _mबैंकपी _h000 |
||
| 999 |
_c36193 _d36193 |
||